CHIKITSA SAMGRAHAM (Record no. 7987)

MARC details
000 -LEADER
fixed length control field 00310nam a2200133Ia 4500
082 ## - DEWEY DECIMAL CLASSIFICATION NUMBER
Classification number 615.32
Item number C 99 V
100 ## - MAIN ENTRY--PERSONAL NAME
Personal name VARIER,P.S.
245 ## - TITLE STATEMENT
Title CHIKITSA SAMGRAHAM
250 ## - EDITION STATEMENT
Edition statement 1 ST
260 ## - PUBLICATION, DISTRIBUTION, ETC. (IMPRINT)
Name of publisher, distributor, etc ARYA VAIDYA SALA KERLA
Year of Publication 1999
300 ## - PAGE DESCRIPTION
No. of Pages 234
942 ## - ADDED ENTRY ELEMENTS (KOHA)
Source of classification or shelving scheme Dewey Decimal Classification
Koha item type Books
Holdings
Withdrawn status Lost status Source of classification or shelving scheme Damaged status Not for loan Collection code Home library Current library Date acquired Vendor Name Cost, normal purchase price SGTU Bill Number Total Checkouts Full call number Accession No. (Barcode) Date last seen Bill Date Koha item type
    Dewey Decimal Classification     AYURVEDA SGT FA-FP Library SGT FA-FP Library 14/09/2015 ABC DELHI 45.00 SGTU 5712   615.32 C 99 V FA2498 14/09/2015 31/03/2015 Books